Estudios sobre el paisaje /

Obra que recoge las 19 contribuciones escritas a los cursos de Medio Ambiente de la Fundación Duques de Soria que tuvieron lugar en los veranos de 1997 y 1998. Los participantes analizan aspectos específicos de las configuraciones y problemas de los paisajes, especialmente españoles. Por un lado, ex...

Descripción completa

Guardado en:
Detalles Bibliográficos
Autores corporativos: Curso de Medio Ambiente de la Fundación Duques de Soria ( Soria, España), Curso de Medio Ambiente de la Fundación Duques de Soria
Otros autores: Martínez de Pisón, Eduardo (dirección) (dirección), Sanz Herráiz, Concepción (edición) (edición)
Formato: Procedimiento de la conferencia Libro
Idioma:Español
Publicado: Soria, España : Madrid, España : Fundación Duques de Soria ; Universidad Autónoma de Madrid, 2000, c2000
Temas:
Etiquetas: Agrega una etiqueta
Sin etiquetas, Sé el primero en etiquetar este registro!

MARC

LEADER 00000nam^a2200000^a^4500
001 000136897
005 20250521000000.0
009 20260310095336.527
020 |a 84-7477-801-8 
037 |a Acervo ITESO - Biblioteca 
041 |a ESP 
082 |a 333. 7  |b CUR 1997-1998 
111 |a Curso de Medio Ambiente de la Fundación Duques de Soria (  |n 3o :  |d 1997 :  |c Soria, España) 
245 1 0 |a Estudios sobre el paisaje /  |c Dir. de E. Martínez de Pisón ; ed. de E. Martínez de Pisón, C. Sanz Herráiz. 
264 4 |a Soria, España :  |b Fundación Duques de Soria ;  |a Madrid, España :  |b Universidad Autónoma de Madrid,  |c 2000, c2000 
300 |a 368 p. 
336 |a texto  |b txt  |2 rdacontenido 
337 |a sin mediación  |b n  |2 rdamedio 
338 |a volumen  |b nc  |2 rdasoporte 
520 |a Obra que recoge las 19 contribuciones escritas a los cursos de Medio Ambiente de la Fundación Duques de Soria que tuvieron lugar en los veranos de 1997 y 1998. Los participantes analizan aspectos específicos de las configuraciones y problemas de los paisajes, especialmente españoles. Por un lado, examinan sus elementos en un ámbito concreto, el de las montañas, y por el otro, sopesan las posibilidades y modalidades de protección y uso cuidadoso del legado paisajístico. 
649 |a XX 
650 |a Medio Ambiente -  |x Congresos 
650 |a Montañas -  |z España 
650 |a Paisajes -  |z España 
650 |a Orografía 
650 |a Clima 
650 |a Geografía Física 
650 |a Zonas Rurales -  |z España 
650 |a Desarrollo Urbano -  |z España 
650 |a Conservación y Protección Ambiental -  |z España 
650 |a Urbanismo 
711 |a Curso de Medio Ambiente de la Fundación Duques de Soria (  |n 4o :  |d 1998 :_  |c Soria, España) 
700 |a Martínez de Pisón, Eduardo  |e (dirección) 
700 |a Sanz Herráiz, Concepción  |e (edición) 
910 |a Fondo General 
920 |a Impresos - Libros 
930 |a Colección General 
905 |a 101 
901 |a 0500065694  |b IT1  |c ACC  |u 20250521 
902 |a https://opac.biblio.iteso.mx/vufind/Record/000136897